| 000 | 01478nam0a22002891 4500 | ||
|---|---|---|---|
| 001 | rc\3252447 | ||
| 005 | 20130115143034.8 | ||
| 021 |
_aRU _b72-43467 |
||
| 021 |
_aRU _bРг11489-72 |
||
| 035 | _a(NLR Aleph) 007382310 | ||
| 090 |
_a6521570 _c6521570 |
||
| 100 | _a20130115d1972 |||y0rusy50 ca | ||
| 101 | 0 | _arus | |
| 102 | _aRU | ||
| 105 | _ay z ||||| | ||
| 200 | 1 |
_aТезисы 12-й Научно-практической конференции Чебоксарской 1-й городской больницы. (Май, 1972 г.) _fПод ред. засл. врача Самостюк С.Н., канд. мед. наук Гутмана Г.А. _gЧебоксар. гор. отд. здравоохранения. Первая гор. больница. Совет науч. мед. обществ Чуваш. АССР |
|
| 210 |
_aЧебоксары _cБ. и. _d1972 |
||
| 215 |
_a70 с. _d20 |
||
| 532 | 1 | 1 | _aТезисы двенадцатой Научно-практической конференции Чебоксарской 1-й городской больницы. (Май, 1972 г.) |
| 702 | 1 |
_aСамостюк _bС. Н. _4340 |
|
| 702 | 1 |
_aГутман _bГ. А. _4340 |
|
| 710 | 0 | 2 |
_aЧебоксарская городская больница _c1 _bНаучно-практическая конференция _d12 _f1972 _3RU\NLR\AUTH\8810076332 |
| 801 | 0 |
_aRU _bNLR _gpsbo |
|
| 801 | 1 |
_aRU _bELAR _2rusmarc |
|
| 852 |
_aNLR _j72-4/20018 |
||
| 942 | _cBOOK | ||
| 980 | _aNB | ||